000 00782nam a22002177a 4500
003 OSt
005 20251218072555.0
008 251218b |||||||| |||| 00| 0 eng d
020 _a0-7619-4572-5
040 _aDWC-Main lib.
_cOC
100 _aCampbell, Linda
245 _aMindful learning :
_b101 strategies for student and teacher success/
_cLinda Campbell
260 _aThousand Oaks, California :
_bCorwin Press, Inc.,
_cc2003.
300 _axi, 180 p. ;
_c28 cm.
504 _aIncludes index.
650 _a1. Cognitive styles in children - United States.
650 _a2. Effective teaching - United States.
650 _a3. Individual differences in children - United States.
650 _a4. Learning strategies - United States.
942 _2ddc
_cBK-CIRC
_kCirc.
_n0
999 _c7199
_d7199